|
|
|
|
| LEADER |
00000nam0a2200000 4500 |
| 001 |
683717 |
| 005 |
20251212145029.0 |
| 090 |
|
|
|a 683717
|
| 100 |
|
|
|a 20251212d1978 km|y0rusy50 ca
|
| 101 |
0 |
|
|a rus
|
| 102 |
|
|
|a RU
|
| 105 |
|
|
|a a z 001yy
|
| 181 |
|
0 |
|a i
|b e
|
| 182 |
|
0 |
|a n
|
| 183 |
|
0 |
|a nc
|2 RDAcarrier
|
| 200 |
1 |
|
|a Пределы модифицируемости лучевого поражения
|f под ред. П. Г. Жеребченко, А. В. Савича
|
| 203 |
|
|
|a Текст
|b визуальный
|c непосредственный
|
| 210 |
|
|
|a Москва
|c Атомиздат
|d 1978
|
| 215 |
|
|
|a 216 с.
|c ил.
|
| 283 |
|
|
|a volume
|2 RDAcarrier
|
| 320 |
|
|
|a Список литературы в конце глав
|
| 320 |
|
|
|a Предметный указатель: с. 210-214
|
| 606 |
|
|
|a Ионизирующие излучения
|x Биологическое действие
|x Моделирование
|x (биология)
|9 39728
|
| 610 |
1 |
|
|a молекулы
|
| 610 |
1 |
|
|a клетки
|
| 610 |
1 |
|
|a млекопитающие
|
| 610 |
1 |
|
|a лучевые повреждения
|
| 610 |
1 |
|
|a модификация
|
| 610 |
1 |
|
|a радиобиологический эффект
|
| 610 |
1 |
|
|a ослабление
|
| 610 |
1 |
|
|a усиление
|
| 610 |
1 |
|
|a противолучевая защита
|
| 610 |
1 |
|
|a химические средства
|
| 610 |
1 |
|
|a радиочувствительность
|
| 675 |
|
|
|a 577.346
|v 4
|
| 702 |
|
1 |
|4 340
|a Жеребченко
|b П. Г.
|g Петр Григорьевич
|
| 702 |
|
1 |
|4 340
|a Савич
|b А. В.
|g Алексей Владимирович
|
| 801 |
|
0 |
|a RU
|b 63413507
|c 20251212
|
| 830 |
|
|
|a Ретро2025Каталогизация Шило
|
| 850 |
|
|
|a 63413507
|
| 942 |
|
|
|c BK
|